| 000 | 00352nam a22001457a 4500 | ||
|---|---|---|---|
| 003 | SGT | ||
| 020 | _a9780670089970 | ||
| 082 |
_a324.254 _bT20N |
||
| 100 | _aNARAYANAN, DINESH | ||
| 245 | _aTHE RSS&THE MAKING OF THE DEEPM NATION | ||
| 260 |
_aINDIA _bPENGUIN VIKING _c2020 |
||
| 300 | _a383 | ||
| 650 | _aINDIAN POLITICAL PARTIES | ||
| 942 |
_2ddc _cBK |
||
| 999 |
_c26237 _d26237 |
||